Round the World Cookbook / (Record no. 48544)
| 000 -LEADER | |
|---|---|
| fixed length control field | 00356nam a2200109 4500 |
| 020 ## - INTERNATIONAL STANDARD BOOK NUMBER | |
| International Standard Book Number | 9780746009673 |
| 100 ## - MAIN ENTRY--PERSONAL NAME | |
| Personal name | Young, Caroline, |
| Relator term | author. |
| 9 (RLIN) | 33482 |
| 245 ## - TITLE STATEMENT | |
| Title | Round the World Cookbook / |
| Statement of responsibility, etc | By Caroline Young, Designed by Carol Law and Illustrated by Nadine Wickenden. |
| 260 ## - PUBLICATION, DISTRIBUTION, ETC. (IMPRINT) | |
| Place of publication, distribution, etc | England, |
| Name of publisher, distributor, etc | Usborne House; |
| Date of publication, distribution, etc | 1992. |
| 300 ## - PHYSICAL DESCRIPTION | |
| Extent | 48 pages. |
| 942 ## - ADDED ENTRY ELEMENTS (KOHA) | |
| Source of classification or shelving scheme | |
| Koha item type | Book |
| Withdrawn status | Lost status | Source of classification or shelving scheme | Damaged status | Not for loan | Home library | Current library | Date acquired | Total Checkouts | Full call number | Barcode | Date last seen | Date checked out | Price effective from | Koha item type |
|---|---|---|---|---|---|---|---|---|---|---|---|---|---|---|
| Logos International School | Logos International School | 03/06/2025 | 3 | J 641.5 YOU | 040476 | 10/10/2025 | 10/03/2025 | 03/06/2025 | Book |